El Código Civil del Distrito /
Esta obra es un diccionario del “Código Civil del Distrito”, que después se denominó “Código Civil para el Distrito Federal en materia común y para toda la República en materia federal”. El diccionario tiene por objeto facilitar el uso de esta ley, al relacionar, en orden alfabético, los temas y las...
Shranjeno v:
| Glavni avtor: | |
|---|---|
| Format: | Knjiga |
| Jezik: | španščina |
| Izdano: |
México :
José Mariano Lara,
[1872]
|
| Teme: | |
| Oznake: |
Brez oznak, prvi označite!
|
MARC
| LEADER | 00000nam^a2200000^a^4500 | ||
|---|---|---|---|
| 001 | 000445226 | ||
| 005 | 20250526000000.0 | ||
| 009 | 20260310123539.024 | ||
| 037 | |a Acervo ITESO - Biblioteca | ||
| 041 | |a ESP | ||
| 091 | |a FHM. 11104 | ||
| 100 | |a Lozano, José María |e (autor) | ||
| 245 | 1 | 3 | |a El Código Civil del Distrito / |c J.M. Lozano. |
| 264 | 1 | |a México : |b José Mariano Lara, |c [1872] | |
| 300 | |a 578, 13 p. ; |c 27.5 cm. | ||
| 336 | |a texto |b txt |2 rdacontenido | ||
| 337 | |a sin mediación |b n |2 rdamedio | ||
| 338 | |a volumen |b nc |2 rdasoporte | ||
| 520 | |a Esta obra es un diccionario del “Código Civil del Distrito”, que después se denominó “Código Civil para el Distrito Federal en materia común y para toda la República en materia federal”. El diccionario tiene por objeto facilitar el uso de esta ley, al relacionar, en orden alfabético, los temas y las disposiciones del derecho civil, con definiciones extraídas del texto del Código y correlacionadas con los artículos en que se abordan. | ||
| 562 | |a Falta cubierta | ||
| 562 | |a Falta portada | ||
| 649 | |a XX | ||
| 650 | |a Derecho Civil - |z México (D.F.) - |x Enciclopedias y Diccionarios - |x Tema Principal | ||
| 650 | |a Derecho Civil - |z México - |x Enciclopedias y Diccionarios - |x Tema Principal | ||
| 650 | |a Derecho Civil - |x Enciclopedias y Diccionarios | ||
| 650 | |a Derecho Privado - |z México (D.F.) - |x Enciclopedias y Diccionarios | ||
| 650 | |a Derecho Privado - |z México - |x Enciclopedias y Diccionarios | ||
| 650 | |a Derecho Privado - |x Enciclopedias y Diccionarios | ||
| 650 | |a Derecho - |x Enciclopedias y Diccionarios | ||
| 650 | |a Enciclopedias y Diccionarios | ||
| 910 | |a Fondo Hugo B. Margáin | ||
| 920 | |a Impresos - Libros | ||
| 930 | |a Libros Antiguos y Raros | ||
| 905 | |a 126 | ||
| 901 | |a 0500303442 |b IT2 |c LRA |i D113104 |u 20250526 | ||
| 902 | |a https://opac.biblio.iteso.mx/vufind/Record/000445226 | ||